Ten years of training activities 2000-2010 (Record no. 44464)

MARC details
000 -LEADER
fixed length control field 00336nam a2200121Ia 4500
082 ## - DEWEY DECIMAL CLASSIFICATION NUMBER
Classification number NR:343.815
Item number PEE
100 ## - MAIN ENTRY--AUTHOR NAME
Personal name JACOB, CK
245 #0 - TITLE STATEMENT
Title Ten years of training activities 2000-2010
260 ## - PUBLICATION, DISTRIBUTION, ETC. (IMPRINT)
Place of publication Kottayam
Name of publisher Rubber Training Institute
Year of publication 2011
700 ## - ADDED ENTRY--PERSONAL NAME
Personal name PEETHAMBARAN, NR
942 ## - ADDED ENTRY ELEMENTS (KOHA)
Koha item type Books
Holdings
Withdrawn status Lost status Damaged status Not for loan Home library Current library Date acquired Source of acquisition Full call number Accession Number Koha item type
        RRII Library RRII Library 16/12/2021 Gift NR:343.815 PEE G01210 Books